| 000 | 01495nam a2200217 a 4500 | ||
|---|---|---|---|
| 008 | 110907s1998 ||||||||||||||||| || u | ||
| 020 | _a1569000913 | ||
| 050 | _aRM 35 Eff | ||
| 100 | _aAcquaviva, Jane D | ||
| 245 | 1 | 0 |
_aEffective documentation for occupational therapy. (2nd ed.) _cedited by Jane D. Acquaviva |
| 250 | _a2nd ed. | ||
| 260 |
_aBethesda, MD _bAmerican Occupational Therapy Association _c1998 |
||
| 300 | _aix, 407p.: ill. | ||
| 350 | _a0.00 | ||
| 650 | _aOCCUPATIONAL THERAPY--DOCUMENTATION | ||
| 995 |
_aMICHAEL CHILUFYA SATA OPEN ACCESS _D0.00 _e900529 _FCBU-SCHOOL OF MEDICINE LIBRARY (Ndola) _H1 _I0.00 _jRM 35 EFF _M2 _UAVAILABLE _WOct 18, 2011 _y900529 _ZMedical Library Open Access Collection |
||
| 995 |
_aMEDICAL LIBRARY OPEN ACCESS _D0.00 _e900528 _FCBU-SCHOOL OF MEDICINE LIBRARY (Ndola) _H1 _I0.00 _jRM 35 EFF _M1 _UAVAILABLE _WOct 18, 2011 _y900528 _ZMedical Library Open Access Collection |
||
| 995 |
_aMEDICAL LIBRARY OPEN ACCESS _D0.00 _e900532 _FCBU-SCHOOL OF MEDICINE LIBRARY (Ndola) _H1 _I0.00 _jRM 35 EFF _M5 _UAVAILABLE _WOct 18, 2011 _y900532 _ZMedical Library Open Access Collection |
||
| 995 |
_aMICHAEL CHILUFYA SATA OPEN ACCESS _D0.00 _e900530 _FCBU-SCHOOL OF MEDICINE LIBRARY (Ndola) _H1 _I0.00 _jRM 35 EFF _M3 _UAVAILABLE _WOct 18, 2011 _y900530 _ZMedical Library Open Access Collection |
||
| 995 |
_aMICHAEL CHILUFYA SATA OPEN ACCESS _D0.00 _e900531 _FCBU-SCHOOL OF MEDICINE LIBRARY (Ndola) _H1 _I0.00 _jRM 35 EFF _M4 _UAVAILABLE _WOct 18, 2011 _y900531 _ZMedical Library Open Access Collection |
||
| 999 |
_c63804 _d63804 |
||